[Event "Moscow7 op"]
[Site "Moscow"]
[Date "1991.??.??"]
[Round "?"]
[White "Tataev, Manach"]
[Black "Blum, Gernot"]
[Result "1-0"]
[WhiteElo "2320"]
[BlackElo "2295"]
[PlyCount "83"]
[EventDate "1991.09.??"]
[EventType "swiss"]
[EventRounds "9"]
[EventCountry "URS"]
[SourceTitle "EXT 2000"]
[Source "ChessBase"]
[SourceDate "1999.11.16"]
[SourceVersion "1"]
[SourceVersionDate "1999.11.16"]
[SourceQuality "1"]

1. d4 Nf6 2. c4 g6 3. Nc3 Bg7 4. e4 d6 5. f3 0-0 6. Be3 Nc6 7. Nge2 a6 8. Nc1 e5 9. d5 Nd4 10. N1e2 Nxe2 11. Bxe2 Ne8 12. Qd2 f5 13. 0-0-0 Bd7 14. Kb1 Qb8 15. a4 Nf6 16. Rc1 Rf7 17. h3 Qe8 18. a5 Qb8 19. g4 f4 20. Bf2 b6 21. g5 Nh5 22. axb6 cxb6 23. Bd3 b5 24. cxb5 axb5 25. b4 Be8 26. Kb2 Ng3 27. Rhg1 Bf8 28. h4 Nh5 29. Ra1 Rb7 30. Kb3 Be7 31. Rxa8 Qxa8 32. Qa2 Qc8 33. Rc1 Qh3 34. Qa8 Qxf3 35. Qxb7 Qxd3 36. Qxe7 Qc4+ 37. Kc2 Ng3 38. Qxe8+ Kg7 39. Qe7+ Kg8 40. Bxg3 fxg3 41. Ra1 Qc8 42. Ra7 1-0

[Event "World op 19th"]
[Site "Philadelphia"]
[Date "1991.??.??"]
[Round "1"]
[White "Tataev, Manach"]
[Black "Cornelison, Paul"]
[Result "1-0"]
[WhiteElo "2320"]
[BlackElo "2215"]
[PlyCount "31"]
[EventDate "1991.07.??"]
[EventType "swiss"]
[EventRounds "9"]
[EventCountry "USA"]
[SourceTitle "EXT 2000"]
[Source "ChessBase"]
[SourceDate "1999.11.16"]
[SourceVersion "1"]
[SourceVersionDate "1999.11.16"]
[SourceQuality "1"]

1. d4 Nf6 2. c4 g6 3. Nc3 d5 4. Bg5 Ne4 5. Bh4 Nxc3 6. bxc3 Bg7 7. Nf3 0-0 8. cxd5 Qxd5 9. Bxe7 Re8 10. Ba3 Bg4 11. e3 Nc6 12. Bb2 Qa5 13. Be2 Bxf3 14. gxf3 Nxd4 15. exd4 Qb5 16. Bc1 1-0